Ricardo Wagner (Record no. 158852)

MARC details
000 -LEADER
campo de control de longitud fija 00976nam a22002055i 4500
001 - NÚMERO DE CONTROL
campo de control 158852
003 - IDENTIFICADOR DE NÚMERO DE CONTROL
campo de control ES-MaACL
005 - FECHA Y HORA DE LA ÚLTIMA TRANSACCIÓN
campo de control 20250626063207.0
008 - DATOS DE LONGITUD FIJA--INFORMACIÓN GENERAL
campo de control de longitud fija 000224s1878 sp a |||| | spa d
040 ## - FUENTE DE CATALOGACIÓN
Centro catalogador/agencia de origen CAM
Lengua de catalogación spa
Centro/agencia transcriptor CAM
100 1# - ENTRADA PRINCIPAL--NOMBRE DE PERSONA
Nombre de persona Marsillach Lleonart, Joaquim,
Fechas asociadas al nombre 1859-1883
9 (RLIN) 129547
245 10 - MENCIÓN DEL TÍTULO
Título Ricardo Wagner
Resto del título : ensayo biográfico-crítico /
Mención de responsabilidad, etc. por Joaquín Marsillach Lleonart; con un prólogo epistolar del dr. José de Letamendi, en donde se legitima por la Filosofía del Arte teatral la aparición del gran reformador.
260 ## - PUBLICACIÓN, DISTRIBUCIÓN, ETC.
Lugar de publicación, distribución, etc. Barcelona :
Nombre del editor, distribuidor, etc. Texido y Parera,
Fecha de publicación, distribución, etc. [s.a.]
300 ## - DESCRIPCIÓN FÍSICA
Extensión 146 p., [2] h. pleg., [2] h. de lám. ;
Dimensiones 20 cm.
596 ## - NOTA AL PIE DE IMPRENTA
NOTA AL PIE DE IMPRENTA Prelim. fechados en 1878.
600 14 - PUNTO DE ACCESO ADICIONAL DE MATERIA--NOMBRE DE PERSONA
Nombre de persona Wagner, Richard,
Fechas asociadas al nombre 1813-1883-
Subdivisión general Biografías
9 (RLIN) 115850
700 1# - ENTRADA AGREGADA--NOMBRE PERSONAL
Nombre de persona Letamendi, José de,
Fechas asociadas al nombre 1828-1897
9 (RLIN) 71873
852 ## - LOCALIZACIÓN
Ubicación ES-MaACL
Número de control de estantería T-723-F-4
Nota libre -- Enc. hol., conservando la enc. original
-- -- Ded. ms. del autor a Gustavo Sáenz Díez
Holdings
Estatus retirado Estado de pérdida Estado de daño No para préstamo Colección Biblioteca de origen Biblioteca actual Ubicación en estantería Fecha de adquisición Total de préstamos Signatura topográfica completa Código de barras Visto por última vez Precio de reemplazo Tipo de ítem Koha
        Colección de folletos Biblioteca del Ateneo de Madrid Biblioteca del Ateneo de Madrid Depósito folletos 17/01/2008   T-723-F-4 1166266 23/02/2023 23/02/2023 Folleto